[Event "FISU World University-ch 2020"]
[Site "Online"]
[Date "2020.10.26"]
[Round "6.8"]
[White "Turar, Dastan"]
[Black "Ojeda Ossa, Daniel De Jesus"]
[Result "1-0"]
[WhiteElo "2229"]
[BlackElo "1884"]
[Annotator "TA"]
[PlyCount "135"]
[EventDate "2020.10.26"]
[SourceTitle "playchess.com"]
[Source "ChessBase"]
[SourceQuality "1"]

1. d4 d5 2. Nf3 Nf6 3. c4 dxc4 4. Nc3 c5 5. e3 e6 6. Bxc4 a6 7. a4 Nc6 8. O-O Qc7 9. Qe2 Bd6 10. Rd1 O-O 11. h3 b6 12. dxc5 Bxc5 13. e4 Ne5 14. Ba2 Bb7 15. Bf4 Nxf3+ 16. Qxf3 Qc6 17. Re1 Bd4 18. Rac1 Bxc3 19. Rxc3 Qxa4 20. Bb1 Qb4 21. Qe2 Rac8 22. Rg3 Nh5 23. Rg4 Nxf4 24. Rxf4 e5 25. Rf3 Rc7 26. Rd3 Bxe4 27. Qxe4 Qxe4 28. Rxe4 Rc1+ 29. Kh2 Rxb1 30. Rb3 b5 31. Rxe5 g6 32. Re7 f5 33. Ra7 Ra1 34. Rxb5 axb5 35. Rxa1 Rd8 36. Ra5 Rd5 37. Kg3 Kg7 38. Kf3 Kf6 39. Ke3 g5 40. g3 Re5+ 41. Kd3 h5 42. Ra6+ Kg7 43. Rb6 f4 44. gxf4 gxf4 45. b4 h4 46. Rd6 f3 47. Rd4 Re2 48. Rxh4 Rxf2 49. Ke3 Rf1 50. Rf4 Kg6 51. h4 Kh5 52. Rxf3 Re1+ 53. Kd4 Kxh4 54. Kc5 Re5+ 55. Kc6 Kg4 56. Rf8 Kg5 57. Rb8 Kf6 58. Rxb5 Re4 59. Rb8 Ke7 60. b5 Rc4+ 61. Kb7 Kd7 62. b6 Rb4 63. Rh8 Rb2 64. Rh3 Kd8 65. Rd3+ Ke7 66. Rd5 Ke8 67. Kc6 Ke7 68. b7 1-0

[Event "FISU World University-ch 2020"]
[Site "Online"]
[Date "2020.10.26"]
[Round "6.8"]
[White "Argote Heredia, Valentina"]
[Black "Makhnev, Denis"]
[Result "0-1"]
[WhiteElo "2150"]
[BlackElo "2486"]
[Annotator "TA"]
[PlyCount "80"]
[EventDate "2020.10.26"]
[SourceTitle "playchess.com"]
[Source "ChessBase"]
[SourceQuality "1"]

1. e4 e5 2. Nf3 Nc6 3. Bb5 a6 4. Ba4 Nf6 5. O-O Be7 6. d3 b5 7. Bb3 O-O 8. Nc3 d6 9. a3 Bg4 10. Be3 Nd4 11. Bxd4 exd4 12. Nd5 c5 13. h3 Be6 14. c3 dxc3 15. bxc3 Nxd5 16. exd5 Bd7 17. d4 Rc8 18. Bc2 Bf6 19. Re1 cxd4 20. cxd4 g6 21. Bd3 Qb6 22. Bf1 Kg7 23. Qd2 Qb7 24. Qa2 Rc3 25. Nd2 Bf5 26. Rac1 Rxc1 27. Rxc1 Rc8 28. Rxc8 Qxc8 29. g4 Qc2 30. Qxc2 Bxc2 31. Nf3 Be4 32. Bg2 Bxd5 33. g5 Be7 34. h4 a5 35. Nd2 Bxg2 36. Kxg2 d5 37. Nb1 a4 38. Kf3 b4 39. Ke3 h6 40. f4 Bd6 0-1

[Event "FISU World University-ch 2020"]
[Site "Online"]
[Date "2020.10.26"]
[Round "6.8"]
[White "Dominguez, Laura Lucia"]
[Black "Bekturov, Tamerlan"]
[Result "1-0"]
[WhiteElo "1970"]
[BlackElo "2244"]
[Annotator "TA"]
[PlyCount "155"]
[EventDate "2020.10.26"]
[SourceTitle "playchess.com"]
[Source "ChessBase"]
[SourceQuality "1"]

1. d4 Nf6 2. Nf3 d5 3. Bf4 c5 4. e3 Nc6 5. c3 Qb6 6. Qb3 c4 7. Qc2 Bf5 8. Qc1 e6 9. Nbd2 Qa5 10. Be2 Be7 11. h3 h6 12. Bd1 b5 13. a3 O-O 14. O-O Qb6 15. Bc2 a5 16. Re1 b4 17. e4 dxe4 18. Bxe4 Nxe4 19. Nxe4 bxa3 20. bxa3 Rfd8 21. a4 Bf8 22. Rb1 Qa6 23. g4 Bg6 24. Kh2 Rd5 25. Re2 Qc8 26. Rb6 Ra6 27. Rb5 Qd8 28. Qb2 Ra8 29. Rb6 Nb4 30. Rb7 Nd3 31. Qd2 Rd7 32. Rb5 Bxe4 33. Rxe4 Nxf4 34. Rxf4 Bd6 35. Kg2 Bxf4 36. Qxf4 Qc7 37. Ne5 Rd5 38. Rb2 f6 39. Ng6 Qxf4 40. Nxf4 Rd6 41. Rb5 e5 42. dxe5 fxe5 43. Rxe5 Rf8 44. Nd5 Rb8 45. Ne3 Rc6 46. Rxa5 Rb3 47. Nd5 Kf7 48. Kf3 Rb2 49. Ra7+ Ke6 50. Nf4+ Kd6 51. Rxg7 Rb3 52. Ne2 Kc5 53. Rf7 Rd6 54. Rf5+ Kc6 55. a5 Kb7 56. h4 Rd3+ 57. Ke4 Rb2 58. Nd4 Rxc3 59. g5 hxg5 60. hxg5 Rc1 61. Rc5 Rxf2 62. Kd5 Rg2 63. Kd6 Rd2 64. Kd5 Rg2 65. Kd6 c3 66. Nc6 Rd1+ 67. Ke6 c2 68. a6+ Ka8 69. Rb5 Rd8 70. Rb7 Re2+ 71. Kf5 Rd5+ 72. Kg4 Rxg5+ 73. Kf3 Re3+ 74. Kf4 Rf3+ 75. Kxf3 Rf5+ 76. Kg3 Rg5+ 77. Kh4 Rg7 78. Rb8# 1-0

[Event "FISU World University-ch 2020"]
[Site "Online"]
[Date "2020.10.26"]
[Round "6.9"]
[White "Liu, Manli"]
[Black "Ahmad Nazari, Emir Rusyaidi"]
[Result "0-1"]
[WhiteElo "2192"]
[BlackElo "1963"]
[Annotator "NA"]
[PlyCount "100"]
[EventDate "2020.10.26"]
[SourceTitle "playchess.com"]
[Source "ChessBase"]
[SourceQuality "1"]

1. e4 c6 2. Nc3 d5 3. Nf3 Nf6 4. e5 Ne4 5. Nxe4 dxe4 6. Ng5 Qd5 7. Qe2 Bf5 8. g4 Bg6 9. Bg2 Qxe5 10. Nxe4 Bxe4 11. Bxe4 Nd7 12. d3 e6 13. Bg2 Bb4+ 14. Kf1 Qxe2+ 15. Kxe2 O-O 16. c3 Bd6 17. f4 f5 18. gxf5 exf5 19. Be3 Nf6 20. Bf3 Rae8 21. Kd2 Re7 22. Bxa7 Bxf4+ 23. Kc2 Be3 24. d4 Nd7 25. b4 Ra8 26. Bc5 Nxc5 27. dxc5 g5 28. h3 Rd7 29. Rhd1 Rxd1 30. Kxd1 Kg7 31. a4 h5 32. Ke2 Bf4 33. Bxh5 Rh8 34. Bf3 Rxh3 35. Rd1 g4 36. Bg2 Rxc3 37. Rd7+ Kf6 38. Rxb7 Rc2+ 39. Kf1 Be3 40. Bxc6 f4 41. Rb8 Ke5 42. Rf8 Rb2 43. Rg8 f3 44. Re8+ Kd4 45. Rd8+ Kc3 46. Be4 Bd4 47. Rf8 Rf2+ 48. Ke1 Re2+ 49. Kf1 Kd2 50. Bxf3 Rf2+ 0-1

[Event "FISU World University-ch 2020"]
[Site "Online"]
[Date "2020.10.26"]
[Round "6.9"]
[White "Azman Hisham, Nur Najiha"]
[Black "Dai, Changren"]
[Result "0-1"]
[WhiteElo "1975"]
[BlackElo "2503"]
[Annotator "ChessBase"]
[PlyCount "72"]
[EventDate "2020.10.26"]
[SourceTitle "playchess.com"]
[Source "ChessBase"]
[SourceQuality "1"]

1. d4 Nf6 2. c4 e6 3. Nf3 d5 4. Bg5 dxc4 5. e3 a6 6. Bxc4 b5 7. Be2 Bb7 8. O-O Nbd7 9. a4 b4 10. Nbd2 Be7 11. Rc1 c5 12. Nb3 cxd4 13. Nfxd4 Rc8 14. Bf3 Rxc1 15. Qxc1 Bxf3 16. Nxf3 O-O 17. Rd1 Qc8 18. Qxc8 Rxc8 19. Rxd7 Nxd7 20. Bxe7 a5 21. h3 Rc2 22. Nxa5 Rxb2 23. Nd4 Nb6 24. Nac6 b3 25. Na5 Rb1+ 26. Kh2 b2 27. Ba3 Rh1+ 28. Kxh1 b1=Q+ 29. Kh2 Qa2 30. Bd6 Qxf2 31. Bf4 Nxa4 32. Nc4 Nc5 33. Ne5 f6 34. Ng4 Qa2 35. Bg3 Ne4 36. Be1 h5 0-1

[Event "FISU World University-ch 2020"]
[Site "Online"]
[Date "2020.10.26"]
[Round "6.9"]
[White "Nithyalakshmi, Sivanesan"]
[Black "Lin Zhaochen"]
[Result "1/2-1/2"]
[WhiteElo "1945"]
[BlackElo "1923"]
[Annotator "ChessBase"]
[PlyCount "72"]
[EventDate "2020.10.26"]
[SourceTitle "playchess.com"]
[Source "ChessBase"]
[SourceQuality "1"]

1. d4 d5 2. c4 e6 3. Nc3 Be7 4. Bf4 Nf6 5. e3 O-O 6. Nf3 Nbd7 7. h3 b6 8. Bd3 dxc4 9. Bxc4 Bb7 10. O-O c5 11. d5 exd5 12. Nxd5 Nxd5 13. Bxd5 Bxd5 14. Qxd5 Nf6 15. Qb7 Qd7 16. Qxd7 Nxd7 17. Rad1 Nf6 18. Ne5 Rac8 19. b3 Rfd8 20. Rxd8+ Rxd8 21. Nc6 Rd7 22. Bb8 a6 23. Ba7 Bf8 24. Bb8 Ne4 25. f3 Nc3 26. Rf2 f6 27. Rc2 Nb5 28. Bg3 Na3 29. Re2 a5 30. Kf2 Kf7 31. Ke1 Bd6 32. Bxd6 Rxd6 33. Na7 Rd7 34. Nc8 b5 35. Rd2 Rxd2 36. Kxd2 Ke6 1/2-1/2

[Event "FISU World University-ch 2020"]
[Site "Online"]
[Date "2020.10.26"]
[Round "6.9"]
[White "Jing, Jiyu"]
[Black "Azhar, Muhd Irfan Haqqim"]
[Result "0-1"]
[WhiteElo "1581"]
[BlackElo "1830"]
[Annotator "NA RC"]
[PlyCount "116"]
[EventDate "2020.10.26"]
[SourceTitle "playchess.com"]
[Source "ChessBase"]
[SourceQuality "1"]

1. e4 d5 2. exd5 Qxd5 3. d4 c6 4. Nf3 Nf6 5. c4 Qa5+ 6. Nc3 Bf5 7. Qb3 Qb6 8. Qxb6 axb6 9. Be2 Nbd7 10. O-O e6 11. Bf4 Be7 12. a3 Nh5 13. Be3 Nhf6 14. h3 Bd6 15. Nh4 Bg6 16. b4 O-O 17. Nxg6 hxg6 18. Bf3 Rfe8 19. b5 Rec8 20. a4 e5 21. Rfe1 Bb4 22. Rec1 Bxc3 23. Rxc3 e4 24. Bd1 cxb5 25. Bb3 Nd5 26. Rcc1 bxc4 27. Bxc4 Nxe3 28. fxe3 Nf6 29. Kf2 Rc7 30. Bb5 Rac8 31. Rxc7 Rxc7 32. Ra2 Kf8 33. Rb2 Ke7 34. Rb3 Kd6 35. Be2 Nd5 36. Bd1 Rc1 37. Bg4 Rc2+ 38. Kf1 f5 39. Be2 Rc3 40. Rxc3 Nxc3 41. Bb5 Nxb5 42. axb5 Kd5 43. Kf2 g5 44. Kg3 Kc4 45. d5 Kxd5 46. h4 gxh4+ 47. Kxh4 Kc5 48. Kg5 Kxb5 49. Kxf5 Kc4 50. Kxe4 b5 51. Kf5 b4 52. e4 b3 53. e5 b2 54. e6 b1=Q+ 55. Ke5 Qb2+ 56. Kd6 Qxg2 57. e7 Qc6+ 58. Ke5 Qd7 0-1

[Event "FISU World University-ch 2020"]
[Site "Online"]
[Date "2020.10.26"]
[Round "6.10"]
[White "Tomaszewski, Kacper"]
[Black "Limon Olmos, Ivan Alonso"]
[Result "1-0"]
[WhiteElo "2320"]
[BlackElo "2154"]
[Annotator "ChessBase"]
[PlyCount "87"]
[EventDate "2020.10.26"]
[SourceTitle "playchess.com"]
[Source "ChessBase"]
[SourceQuality "1"]

1. d4 d5 2. c4 e6 3. Nc3 Nf6 4. cxd5 exd5 5. Bg5 c6 6. e3 Bd6 7. Bd3 O-O 8. Qc2 h6 9. Bh4 Re8 10. Nf3 Nbd7 11. O-O Nf8 12. Rab1 Bg4 13. Nd2 Bh5 14. Bg3 Bxg3 15. hxg3 Bg6 16. b4 a6 17. a4 Bxd3 18. Qxd3 Ng6 19. Rfc1 Qd7 20. b5 axb5 21. axb5 h5 22. Ne2 h4 23. Nf3 hxg3 24. Nxg3 Ne4 25. Nf1 Re6 26. bxc6 bxc6 27. Rc2 Rf6 28. N1h2 Re6 29. Rbc1 f5 30. g3 Rc8 31. Qb3 Rce8 32. Qa4 Rc8 33. Rb2 Qd6 34. Nf1 f4 35. exf4 Nxf4 36. Qa6 Rc7 37. Qa8+ Kh7 38. gxf4 Qxf4 39. N1d2 Qg4+ 40. Kf1 Qh3+ 41. Ke2 Nc3+ 42. Kd3 Ne2 43. Kc2 Nxc1 44. Ng5+ 1-0

[Event "FISU World University-ch 2020"]
[Site "Online"]
[Date "2020.10.26"]
[Round "6.10"]
[White "Dzierzak, Radoslaw"]
[Black "Lima Martinez, Alejandro"]
[Result "1-0"]
[WhiteElo "2252"]
[BlackElo "2074"]
[Annotator "TA"]
[PlyCount "90"]
[EventDate "2020.10.26"]
[SourceTitle "playchess.com"]
[Source "ChessBase"]
[SourceQuality "1"]

1. e4 c5 2. Nf3 g6 3. Bc4 Bg7 4. O-O Nc6 5. c3 e6 6. d4 cxd4 7. Nxd4 Nxd4 8. cxd4 d5 9. exd5 exd5 10. Bb5+ Bd7 11. Re1+ Ne7 12. Qe2 Bf6 13. Bh6 Bxb5 14. Qxb5+ Qd7 15. Nc3 O-O-O 16. Bf4 Nc6 17. Rec1 g5 18. Bg3 h5 19. Na4 Bxd4 20. Nc5 Bxc5 21. Rxc5 h4 22. Be5 Rh6 23. Rd1 Qe8 24. f4 Re6 25. Qa5 Qe7 26. Qxa7 f6 27. Qb8+ Kd7 28. Rcxd5+ Ke8 29. Rxd8+ Nxd8 30. Bc3 g4 31. Bb4 Qxb4 32. Qxd8+ Kf7 33. Rd7+ Re7 34. Rxe7+ Qxe7 35. Qxe7+ Kxe7 36. Kf2 Ke6 37. Ke3 Kd5 38. Kd3 f5 39. a4 Kc5 40. Kc3 Kd5 41. b4 Ke4 42. a5 g3 43. hxg3 hxg3 44. b5 Ke3 45. a6 bxa6 1-0

[Event "FISU World University-ch 2020"]
[Site "Online"]
[Date "2020.10.26"]
[Round "6.10"]
[White "Real Pereyra, Jeronimo"]
[Black "Walter, Szymon"]
[Result "1/2-1/2"]
[WhiteElo "2130"]
[BlackElo "2276"]
[Annotator "ChessBase"]
[PlyCount "65"]
[EventDate "2020.10.26"]
[SourceTitle "playchess.com"]
[Source "ChessBase"]
[SourceQuality "1"]

1. e4 c5 2. Nf3 e6 3. b3 Nc6 4. Bb5 Qc7 5. O-O d6 6. Bb2 e5 7. d4 cxd4 8. c3 d3 9. Qxd3 Nf6 10. c4 Be7 11. Bxc6+ Qxc6 12. Nc3 O-O 13. Ne1 Be6 14. Nc2 Bd8 15. Rad1 Ba5 16. f3 Rfd8 17. Kh1 Rac8 18. Nd5 Bxd5 19. exd5 Qd7 20. f4 e4 21. Qe2 Qg4 22. Qxg4 Nxg4 23. h3 e3 24. hxg4 e2 25. Nd4 exd1=Q 26. Rxd1 g6 27. g5 a6 28. Nf3 Re8 29. Ba3 Rcd8 30. c5 Bc7 31. cxd6 Bxd6 32. Bxd6 Rxd6 33. Ne5 1/2-1/2

[Event "FISU World University-ch 2020"]
[Site "Online"]
[Date "2020.10.26"]
[Round "6.10"]
[White "Herrera Camara, Genny Ceci"]
[Black "Cieslak, Wiktoria"]
[Result "1-0"]
[WhiteElo "1828"]
[BlackElo "2010"]
[Annotator "TA"]
[PlyCount "133"]
[EventDate "2020.10.26"]
[SourceTitle "playchess.com"]
[Source "ChessBase"]
[SourceQuality "1"]

1. d4 Nf6 2. c4 e6 3. Nf3 b6 4. g3 Bb7 5. Bg2 Bb4+ 6. Bd2 Qe7 7. O-O Bxd2 8. Qxd2 O-O 9. Nc3 d6 10. Qc2 Nbd7 11. e4 e5 12. Rfe1 Rfe8 13. Rad1 Nf8 14. Nd5 Nxd5 15. exd5 Qf6 16. dxe5 dxe5 17. Re3 Nd7 18. Rde1 h6 19. Bh3 Rad8 20. Bxd7 Rxd7 21. Nxe5 Rde7 22. Ng4 Qd6 23. Qc3 c6 24. Rd1 h5 25. Rxe7 Rxe7 26. Ne3 cxd5 27. Nf5 Qe5 28. Nxe7+ Qxe7 29. cxd5 Qd6 30. Qf3 g6 31. Qe4 a5 32. Qd4 b5 33. Re1 Qd7 34. f3 b4 35. d6 Bxf3 36. Re7 Qc8 37. Rc7 Qh3 38. Qd2 Bg4 39. d7 Bxd7 40. Rxd7 Qe6 41. Rd8+ Kh7 42. a3 bxa3 43. bxa3 Qb6+ 44. Qd4 Qb1+ 45. Kg2 Qc2+ 46. Qf2 Qe4+ 47. Qf3 Qc2+ 48. Kh3 Qc4 49. Rd5 Kg7 50. Rxa5 Qe6+ 51. Kg2 Qa2+ 52. Qf2 Qc4 53. Qb2+ Kh7 54. Re5 Qc6+ 55. Kg1 Qa4 56. Re1 Qa7+ 57. Qf2 Qd7 58. Rf1 Kg8 59. a4 h4 60. a5 hxg3 61. hxg3 Qd5 62. a6 f5 63. a7 Kh7 64. Rb1 g5 65. Rb8 Qd1+ 66. Kh2 Qh5+ 67. Kg2 1-0

[Event "FISU World University-ch 2020"]
[Site "Online"]
[Date "2020.10.26"]
[Round "6.11"]
[White "Portela Peleteiro, Alberto"]
[Black "Nieves Cabanes, Jose Manuel"]
[Result "0-1"]
[WhiteElo "2366"]
[BlackElo "2293"]
[Annotator "TA"]
[PlyCount "83"]
[EventDate "2020.10.26"]
[SourceTitle "playchess.com"]
[Source "ChessBase"]
[SourceQuality "1"]

1. e4 e5 2. Bc4 Nf6 3. d3 Bc5 4. Nc3 Nc6 5. f4 d6 6. f5 Na5 7. Bg5 Nxc4 8. dxc4 c6 9. Qd3 Bb6 10. O-O-O Bc7 11. Nf3 Qe7 12. Kb1 Bd7 13. h3 O-O-O 14. g4 h6 15. Bh4 Kb8 16. Rd2 Bc8 17. Rhd1 Ka8 18. a3 g5 19. Bf2 Bb8 20. Qe3 Rhe8 21. Rd3 b6 22. Nh2 Bb7 23. Nf1 Ba6 24. b3 d5 25. exd5 cxd5 26. Nxd5 Nxd5 27. Rxd5 Rxd5 28. cxd5 Qxa3 29. Nd2 e4 30. Nxe4 Be5 31. Nc3 Re7 32. Bg3 Bf6 33. Qf3 Be2 34. Bd6 Bxf3 35. Bxa3 Re3 36. Rd3 Rxd3 37. cxd3 Bxc3 38. Bf8 Bxd5 39. Bxh6 Bf6 40. Kc2 Bg2 41. h4 gxh4 42. g5 0-1

[Event "FISU World University-ch 2020"]
[Site "Online"]
[Date "2020.10.26"]
[Round "6.11"]
[White "Rubio Tent, Francisco"]
[Black "Suarez Gomez, Julio"]
[Result "1-0"]
[WhiteElo "2357"]
[BlackElo "2426"]
[Annotator "TA"]
[PlyCount "201"]
[EventDate "2020.10.26"]
[SourceTitle "playchess.com"]
[Source "ChessBase"]
[SourceQuality "1"]

1. e4 e6 2. d4 d5 3. exd5 exd5 4. Nf3 Nf6 5. c4 Bb4+ 6. Nc3 O-O 7. Bd3 dxc4 8. Bxc4 Bg4 9. O-O Nc6 10. Be3 Rb8 11. Be2 a6 12. Rc1 h6 13. Re1 Re8 14. Qb3 Be6 15. Qc2 Nd5 16. Bd2 Bd6 17. a3 Nxc3 18. Bxc3 Bd5 19. Qf5 Ne7 20. Qh5 Ng6 21. g3 c6 22. Bd3 Nf8 23. Ne5 f6 24. Nc4 Bf7 25. Qg4 Bc7 26. Ne3 h5 27. Qh3 Ba5 28. b4 Bb6 29. Rcd1 Qd7 30. Bf5 Qc7 31. Bc2 Rbd8 32. Rd2 Qc8 33. Bf5 Qb8 34. Red1 Qa7 35. Bc2 Ne6 36. Qf5 Nf8 37. Qf3 a5 38. Ng2 Ne6 39. Qf5 Ng5 40. h4 Rd5 41. Qd3 Bxd4 42. Bxd4 Rxd4 43. Qf5 Rxd2 44. Rxd2 Ne6 45. Qh7+ Kf8 46. Rd7 Re7 47. Qh8+ Bg8 48. Rxe7 Kxe7 49. Qxg8 axb4 50. Bf5 Nd4 51. Qxg7+ Kd6 52. Qxf6+ Kc5 53. Qe5+ Kc4 54. Ne3+ Kb3 55. Be6+ Ka4 56. Kg2 bxa3 57. Nd1 Kb4 58. Qe1+ Kc5 59. Nc3 b5 60. Qe3 Kd6 61. Ba2 b4 62. Ne4+ Kc7 63. Nd2 Qb6 64. Qe7+ Kb8 65. Qe8+ Ka7 66. Qe3 Nb5 67. Qxb6+ Kxb6 68. g4 Nc3 69. Bb3 hxg4 70. h5 Ne2 71. h6 Nf4+ 72. Kg3 Ng6 73. Kxg4 Kc5 74. Kf5 Nf8 75. Kf6 Kd4 76. Nb1 c5 77. Kg7 Nh7 78. Kxh7 c4 79. Kg8 cxb3 80. h7 Kd3 81. h8=Q Kc2 82. Qa1 a2 83. Nd2 Kxd2 84. Qb2+ Kd3 85. f4 Ke4 86. Qe5+ Kd3 87. f5 Kc2 88. Qe2+ Kc1 89. Qe1+ Kb2 90. Qf2+ Kb1 91. Qg1+ Kb2 92. Qf2+ Ka3 93. f6 a1=Q 94. f7 b2 95. Qe3+ Ka2 96. f8=Q b1=Q 97. Qf7+ b3 98. Qfa7+ Kb2 99. Qed4+ Kc2 100. Qac5+ Qc3 101. Qcxc3# 1-0

[Event "FISU World University-ch 2020"]
[Site "Online"]
[Date "2020.10.26"]
[Round "6.11"]
[White "Navarrete Espi, Samuel"]
[Black "Abal Cores, Lucas"]
[Result "0-1"]
[WhiteElo "2251"]
[BlackElo "2315"]
[Annotator "TA"]
[PlyCount "104"]
[EventDate "2020.10.26"]
[SourceTitle "playchess.com"]
[Source "ChessBase"]
[SourceQuality "1"]

1. e4 c5 2. Nf3 Nc6 3. d4 cxd4 4. Nxd4 e5 5. Nb5 d6 6. c4 Be7 7. Be2 Nf6 8. N1c3 a6 9. Na3 O-O 10. O-O Be6 11. Be3 Ne8 12. Qd2 h6 13. Rfd1 Bg5 14. Bxg5 hxg5 15. Nd5 g4 16. Nc2 Qh4 17. Qd3 f5 18. g3 Qh7 19. Qb3 g6 20. Ncb4 Rd8 21. Nxc6 bxc6 22. Qb6 Qd7 23. Nb4 c5 24. Nxa6 Rc8 25. b4 Rc6 26. Qa5 Qf7 27. b5 Rc8 28. b6 fxe4 29. Rf1 Ra8 30. Qb5 Qb7 31. Nxc5 dxc5 32. Qxc5 Rc8 33. Qxe5 Qxb6 34. Rab1 Qc6 35. c5 Rf5 36. Qd4 Rxc5 37. a4 Ng7 38. Bb5 Qd5 39. Qf6 Qf5 40. Qe7 Qf7 41. Qd6 Nf5 42. Qf4 Ne7 43. Be2 Qxf4 44. gxf4 Nd5 45. Rb7 Nxf4 46. Bb5 Bd5 47. Rd7 Nh3+ 48. Kg2 Rf8 49. Rxd5 Nf4+ 50. Kg3 Nxd5 51. Kxg4 Rxb5 52. axb5 Ne3+ 0-1

[Event "FISU World University-ch 2020"]
[Site "Online"]
[Date "2020.10.26"]
[Round "6.11"]
[White "Garcia Alvarez, Paula"]
[Black "Represa Perez, Mireya"]
[Result "1/2-1/2"]
[WhiteElo "1661"]
[BlackElo "2126"]
[Annotator "NA"]
[PlyCount "60"]
[EventDate "2020.10.26"]
[SourceTitle "playchess.com"]
[Source "ChessBase"]
[SourceQuality "1"]

1. b3 d5 2. Bb2 Nf6 3. e3 c6 4. f4 Bg4 5. Nf3 e6 6. Be2 Bd6 7. O-O Nbd7 8. c4 Qc7 9. Nc3 O-O-O 10. cxd5 exd5 11. a3 a6 12. b4 Bxf3 13. Bxf3 d4 14. Ne2 dxe3 15. dxe3 Rhe8 16. Bd4 g5 17. g3 gxf4 18. exf4 h5 19. Qb3 Re7 20. a4 Ng4 21. Rfc1 Rde8 22. Nc3 Nb8 23. Nd5 Qd8 24. Nb6+ Kc7 25. Na8+ Kc8 26. Nb6+ Kc7 27. Na8+ Kc8 28. Nb6+ Kc7 29. Na8+ Kc8 30. Nb6+ Kc7 1/2-1/2

[Event "FISU World University-ch 2020"]
[Site "Online"]
[Date "2020.10.26"]
[Round "6.12"]
[White "Perez, Murillo Angel"]
[Black "Gamage, Chathulanka"]
[Result "1-0"]
[WhiteElo "1963"]
[BlackElo "1895"]
[Annotator "ChessBase"]
[PlyCount "71"]
[EventDate "2020.10.26"]
[SourceTitle "playchess.com"]
[Source "ChessBase"]
[SourceQuality "1"]

1. d4 Nf6 2. c4 g6 3. Nf3 Bg7 4. Nc3 O-O 5. e4 d6 6. Be2 e5 7. O-O Nc6 8. d5 Ne7 9. Ne1 Nd7 10. Be3 f5 11. f3 Kh8 12. b4 a5 13. a3 axb4 14. axb4 Rxa1 15. Qxa1 Ng8 16. c5 Bh6 17. Bxh6 Nxh6 18. Nd3 Nf6 19. c6 bxc6 20. dxc6 Be6 21. b5 Qb8 22. Qa5 Rf7 23. Ra1 Kg7 24. Qa7 Qf8 25. b6 cxb6 26. Qxb6 fxe4 27. Nxe4 Nxe4 28. fxe4 Qc8 29. Ra7 Bg4 30. Bf1 Be6 31. Rxf7+ Nxf7 32. Nb4 Kf8 33. Nd5 Qd8 34. c7 Qc8 35. Ba6 Qd7 36. c8=Q+ 1-0

[Event "FISU World University-ch 2020"]
[Site "Online"]
[Date "2020.10.26"]
[Round "6.12"]
[White "Doluweera, Dinul Thisura"]
[Black "Hernandez Vazquez, Gerardo"]
[Result "1/2-1/2"]
[WhiteElo "1863"]
[BlackElo "1886"]
[Annotator "NA RC"]
[PlyCount "121"]
[EventDate "2020.10.26"]
[SourceTitle "playchess.com"]
[Source "ChessBase"]
[SourceQuality "1"]

1. d4 d5 2. c4 e6 3. Nc3 Nf6 4. cxd5 exd5 5. Bg5 Be7 6. e3 c6 7. Bd3 O-O 8. Qc2 Nbd7 9. Nf3 Re8 10. h3 Nf8 11. Bf4 Ng6 12. Bh2 Bd6 13. Bxd6 Qxd6 14. O-O Bd7 15. Rab1 Re7 16. b4 Rae8 17. Na4 Ne4 18. Nc5 Bc8 19. Bxe4 dxe4 20. Nd2 Qd5 21. b5 cxb5 22. Rxb5 b6 23. Qb3 Qxb3 24. Ncxb3 Ba6 25. a4 Bxb5 26. axb5 Rc7 27. Ra1 f5 28. Kf1 Ne7 29. Ke2 Nd5 30. g4 g6 31. Nf1 f4 32. Kd2 f3 33. Ng3 Nc3 34. Nc5 bxc5 35. Kxc3 cxd4+ 36. Kxd4 Rd7+ 37. Kc5 Rc8+ 38. Kb4 Re7 39. Ra2 Kf7 40. Rd2 Kf6 41. Rd4 Rce8 42. h4 h6 43. Ka5 Re6 44. Rc4 R8e7 45. Rd4 Re8 46. Rd7 R8e7 47. Rd4 Kf7 48. Rd8 Kg7 49. Rd4 Kf6 50. Rc4 Kf7 51. Rc8 Re5 52. Ka6 R5e6+ 53. Ka5 Kf6 54. Rc4 Re5 55. Ka6 R5e6+ 56. Ka5 Kf7 57. Rc8 Re5 58. Ka6 R5e6+ 59. Ka5 Kf6 60. Rc4 Kf7 61. Rc8 1/2-1/2

[Event "FISU World University-ch 2020"]
[Site "Online"]
[Date "2020.10.26"]
[Round "6.12"]
[White "Hernandez Rendon, Carlos A"]
[Black "Jayaweera, C L"]
[Result "0-1"]
[WhiteElo "1838"]
[BlackElo "1781"]
[Annotator "NA RC"]
[PlyCount "80"]
[EventDate "2020.10.26"]
[SourceTitle "playchess.com"]
[Source "ChessBase"]
[SourceQuality "1"]

1. e4 c5 2. Nf3 e6 3. d4 cxd4 4. Nxd4 a6 5. Bd3 Qc7 6. Qe2 Nc6 7. Nxc6 dxc6 8. Nd2 e5 9. Nc4 b5 10. Ne3 Nf6 11. a4 Rb8 12. O-O Bc5 13. Nf5 Bxf5 14. exf5 O-O 15. Bg5 Be7 16. axb5 axb5 17. Rfe1 Bd8 18. Qxe5 Qxe5 19. Rxe5 Nd7 20. Bxd8 Nxe5 21. Bc7 Nxd3 22. Bxb8 Nxb2 23. Be5 Nc4 24. Bd4 f6 25. g4 Rd8 26. Bc5 Ne5 27. h3 Nc4 28. Ra6 Rc8 29. Ra7 Nb2 30. f4 Na4 31. Be7 c5 32. g5 fxg5 33. fxg5 Nc3 34. f6 gxf6 35. Bxf6 Nd5 36. Rg7+ Kf8 37. Bb2 Rc7 38. Rxc7 Nxc7 39. Kg2 Nd5 40. Kf3 Kf7 0-1

[Event "FISU World University-ch 2020"]
[Site "Online"]
[Date "2020.10.26"]
[Round "6.12"]
[White "Methmani, Nelunika"]
[Black "Rodriguez Silva, Sheila Angelica"]
[Result "1-0"]
[WhiteElo "1601"]
[BlackElo "1745"]
[Annotator "NA"]
[PlyCount "61"]
[EventDate "2020.10.26"]
[SourceTitle "playchess.com"]
[Source "ChessBase"]
[SourceQuality "1"]

1. d4 Nf6 2. c4 c5 3. d5 b5 4. cxb5 a6 5. bxa6 g6 6. g3 Bg7 7. Bg2 d6 8. Nc3 Bxa6 9. Nf3 O-O 10. O-O Nbd7 11. Qc2 Ng4 12. b3 Qa5 13. Bd2 Qa3 14. Rab1 Rfb8 15. Na4 Bc8 16. Ne1 Nb6 17. Bc1 Qb4 18. a3 Qb5 19. Nxb6 Rxb6 20. h3 Nf6 21. g4 Rab8 22. a4 Qa6 23. Ba3 Bd7 24. Nd3 Rc8 25. Nb2 c4 26. Nxc4 Bxa4 27. bxa4 Rxb1 28. Rxb1 Rxc4 29. Rb8+ Bf8 30. Qd2 Nd7 31. Rd8 1-0

[Event "FISU World University-ch 2020"]
[Site "Online"]
[Date "2020.10.26"]
[Round "6.13"]
[White "Livaic, Leon"]
[Black "Gracia Alvarez, Gerardo An"]
[Result "1-0"]
[WhiteElo "2507"]
[BlackElo "2308"]
[Annotator "TA"]
[PlyCount "97"]
[EventDate "2020.10.26"]
[SourceTitle "playchess.com"]
[Source "ChessBase"]
[SourceQuality "1"]

1. d4 Nf6 2. c4 e6 3. Nf3 c5 4. d5 exd5 5. cxd5 d6 6. Nc3 g6 7. Bf4 a6 8. e4 Bg7 9. Qa4+ Bd7 10. Qb3 b5 11. Bxd6 b4 12. Na4 Nxe4 13. Qe3 Bxa4 14. Qxe4+ Kd7 15. Ne5+ Bxe5 16. Bxe5 Re8 17. Be2 Kc8 18. O-O Nd7 19. d6 Kb8 20. f4 f6 21. b3 Bb5 22. Bxb5 axb5 23. Qc6 fxe5 24. Qxb5+ Kc8 25. Qc6+ Kb8 26. fxe5 Qc8 27. Qf3 Nxe5 28. Qg3 Qg4 29. d7 Qd4+ 30. Kh1 Qxd7 31. Rf6 Rxa2 32. Re1 Rd2 33. Rxe5 Rd1+ 34. Re1+ Kc8 35. Ref1 Rxf1+ 36. Rxf1 Qd5 37. h3 Qe5 38. Qf3 Qe4 39. Qf7 Qe7 40. Qd5 Qe5 41. Qc6+ Kb8 42. Rc1 Re6 43. Qb5+ Ka7 44. Rxc5 Qe1+ 45. Kh2 Re7 46. Qc6 Qa1 47. Rb5 Rf7 48. Qb6+ Ka8 49. Qb8# 1-0

[Event "FISU World University-ch 2020"]
[Site "Online"]
[Date "2020.10.26"]
[Round "6.13"]
[White "Sandoval Mercado, Carlos"]
[Black "Bosnjak, Petar"]
[Result "1-0"]
[WhiteElo "2298"]
[BlackElo "2308"]
[Annotator "ChessBase"]
[PlyCount "69"]
[EventDate "2020.10.26"]
[SourceTitle "playchess.com"]
[Source "ChessBase"]
[SourceQuality "1"]

1. d4 Nf6 2. c4 e6 3. Nf3 Bb4+ 4. Bd2 Qe7 5. g3 Nc6 6. Bg2 Bxd2+ 7. Nbxd2 d6 8. O-O O-O 9. e4 e5 10. d5 Nb8 11. b4 a5 12. a3 Na6 13. Qb3 c6 14. Ne1 Bg4 15. f3 Bd7 16. Nd3 cxd5 17. exd5 Bf5 18. Ne4 Nxe4 19. fxe4 Bg4 20. Ra2 Qc7 21. Raf2 Rac8 22. h3 Bd7 23. Rc1 Qb6 24. Kh2 axb4 25. axb4 Qd4 26. Qc3 Qxc3 27. Rxc3 f5 28. Rfc2 Ba4 29. Rc1 Bd7 30. c5 fxe4 31. Bxe4 Bb5 32. cxd6 Rxc3 33. Rxc3 Bxd3 34. Bxd3 Nxb4 35. d7 1-0